Statystyki dla Odpowiedź Zaczyna się na "T"

Kliknij tutaj aby rozwiązać quiz!

Ogólne statystyki

  • Ten quiz został rozwiązany 10 459 razy
    (9 699 od ostatniego zresetowania)
  • Średni wynik to 12 z 26

Statystyki odpowiedzi

PytanieOdpowiedź% Poprawnych
Stolicą, którego kraju jest Ankara?Turcja
97%
Dwanaście sztuk danej rzeczy to inaczej?Tuzin
85%
Jaką nazwę nosi rzeka przepływająca przez Londyn?Tamiza
79%
Jaką nazwę nosi bardzo długi pasożyt przewodu pokarmowego?Tasiemiec
78%
Które miasto jest stolicą Albanii?Tirana
77%
Który amerykański stan w latach 1836–1845 był niepodległym państwem?Teksas
72%
Jaką nazwę nosi australijska wyspa na której żyje zwierzę określane "diabłem"?Tasmania
65%
Który pierwiastek chemiczny oznacza się symbolem "Ti"?Tytan
64%
Pod jaką nazwą figuruje pięć pierwszych ksiąg Starego Testamentu, stanowiące podstawę judaizmu?Tora
58%
Jaką nazwę nosi dawny system uprawy roli podzielonej na trzy pola, uprawiane na przemian?Trójpolówka
54%
Jak miał na nazwisko inżynier i wynalazca serbskiego pochodzenia, autor blisko 300 patentów?Tesla
50%
Jaką nazwę nosi metoda badania narządów lub materiałów, polegająca na wykonywaniu warstwowych zdjęć rentgenowskich?Tomografia
47%
Jak potocznie określało się członków Zakonu Ubogich Rycerzy Chrystusa i Świątyni Salomona?Templariusze
42%
Jaką nazwę nosi grupa ludów tureckich z Europy wschodniej oraz północnej Azji, wywodząca się z terenów północno-zachodniej Mongolii i rejonu Bajkału?Tatarzy
37%
Jaką nazwę nosi okupowany przez Chińską Republikę Ludową kraj ze stolicą w Lhasie?Tybet
37%
Jaką nazwę nosiła miejscowość w której podpisano akt konfederacji przeciwny podpisanej wcześniej Konstytucji Trzeciego Maja?Targowica
34%
Pod jaką inną nazwą figurowała Ententa?Trójporozumienie
32%
Jak miał na nazwisko rosyjski działacz komunistyczny, współorganizator rewolucji październikowej, prawa ręka Lenina?Trocki
30%
Jaką nazwę nosi kierunek filozoficzno-religijny w Chinach z którym związane są pojęcia sił "Yin" i "Yang"?Taoizm
29%
Jaką nazwą określało się porozumienie pomiędzy monarchią Habsburgów, Cesarstwem Niemieckim i Włochami?Trójprzymierze
29%
Jak miał na nazwisko prezydent USA, następca Roosevelt'a?Truman
29%
Podaj imię i nazwisko wynalazcy fonografu i płyty gramofonowej?Thomas Edison
19%
Jaką nazwę nosi mata, na której rozgrywane są zawody w zapasach judo?Tatami
17%
Jaką nazwę nosi zespół rockowo-humorystyczny w skład którego wchodzą Kyle Gass i Jack Black?Tenacious D
12%
Jaką nazwę nosi odległość między dwoma dźwiękami równa trzem lub czterem półtonom?Tercja
12%
Jaką nazwę nosi hormon wytwarzany w komórkach przedniego płata przysadki, uwalniany z nich pod wpływem specyficznego czynnika pochodzącego z podwzgórza?Tyreotropina
4%

Rozkład punktacji

Percentyl według liczby udzielonych odpowiedzi

Procent ludzi z każdym wynikiem

Twoja historia wyników

Nie rozwiązałeś tego quizu od ostatniego zresetowania